| 000 | 01049nam a22003017a 4500 | ||
|---|---|---|---|
| 003 | CHAP | ||
| 005 | 20220329140342.0 | ||
| 008 | 971013s1963 r 00010 d | ||
| 010 | _a50831 | ||
| 011 | _a51803 | ||
| 035 | _a55953 | ||
| 040 | _cCHAP | ||
| 082 |
_a677.3 _bV65 |
||
| 100 | 0 | 0 |
_aVon Bergen, Werner. _9120660 |
| 245 | _aWoold handbook | ||
| 250 | _a3 ed. | ||
| 260 |
_aNew York : _bInterscience, _c1963 |
||
| 300 |
_av. _b: ilus. |
||
| 500 | _aLa biblioteca tiene: v.1 Historical and economic background- Sheep breeds. Sheep raising - The morphology and physical properties of wool - The molecular structure and chemical properties of wool - Speciality hair fibers - Reclaimed wool and secondary r | ||
| 590 |
_aBATCH-UPD _b10 _c20130110 _lUCH01 _h0447 |
||
| 590 |
_aCONVERSION _b10 _c20130109 _lUCH01 _h1328 |
||
| 650 | 1 | 4 |
_aLana. _964606 |
| 650 | 1 | 4 |
_aLana _xIndustria. _964608 |
| 650 | 1 | 4 |
_aLana _xMercadeo. _964613 |
| 901 | _aBK | ||
| 942 | _cLIBRO | ||
| 949 |
_a677.3 V65 _bBC _cLIBRO _d33724000107579 _eLIBRO _fv.1 _h25510 _i55953 _si |
||
| 999 |
_c50831 _d50831 |
||